00568cam a2200193 4500001001300000003000400013005001700017008004100034010001700075050001600092082001600108100002500124245006300149260005500212300002200267650001900289650004900308999001700357sa 68015274 DLC20260227112642.0700323s1966 pk 00010 eng  asa 68015274 0 aTX931b.C42 a647/.94549110aChaudhry, M. Tufail.1 aYouth hostelling in West Pakistan,cby M. Tufail Chaudhry.0 aLahore,bWest Pakistan Bureau of Education,c1966. aix, 63 p.c22 cm. 0aYouth hostels. 0aTourist camps, hostels, etc.zWest Pakistan. c86362d86362